00790nam a2200217 a 4500999001500000001000600015003000900021005001700030008004100047040003800088082002400126245007800150260007200228300002200300505001100322546002500333650002100358710005400379942001200433952012700445 c1421d142111003BD-DhUAP20200206133227.0200206s2007 bg l f001 0 eng d aBD-DhUAPcBD-DhUAPdBD-DhUAPbEng00a348.5492022 BAN22314aThe Bangladesh code :bordinance No. II of 1978 to act No. XXII of 1980 / aDhaka :bMinistry of Law, Justice and Parliamentary Affairs,c2007. avolumes ;c24 cm. aV.21-- aEnglish and Bengali. 0aLawzBangladesh. aGovernment of the peoples republic of Bangladesh. 2ddccBK 00102ddc4070aUAPCLbUAPCLcGeneral Stacksd2020-02-06o348.5492022 BAN V-21p3010011003r2020-02-06t1w2020-02-06yBK